| 000 | 00501nam a2200181Ia 4500 | ||
|---|---|---|---|
| 999 |
_c8618 _d8618 |
||
| 003 | OSt | ||
| 005 | 20201012132410.0 | ||
| 008 | 190216s9999||||xx |||||||||||||| ||und|| | ||
| 020 | _a0333929276 | ||
| 040 | _coclc | ||
| 082 |
_a651.84 _bBAJ/O |
||
| 100 |
_aBajaj, Kamlesh K _94355 |
||
| 245 | 0 |
_aOffice Automation / _c Kamlesh K Bajaj |
|
| 260 |
_bMacmillan India Ltd, _c1989. _aDelhi: |
||
| 300 | _a256p | ||
| 650 | _aComputer | ||
| 942 |
_cBK _2ddc _h651.84 _iBAJ/O _k651.84 _mBAJ/O |
||